000 00520nam a2200193Ia 4500
005 20250326124213.0
008 250326s9999 xx 000 0 und d
037 _aTextbook
040 _aFMSL
_beng
_cFMSL
041 _aeng
_2eng
084 _aX:51:f L0;L4
_qFMSL
100 _aLuck D J
245 0 _aMarketing research
_cLuck D J; Wales H G
250 _a3,4
260 _aNew Jersey
_bNew Jersey, Prentice-Hall
_c1970
300 _a645p
942 _cTB
_hX:51:f L0;L4
999 _c1272724
_d1272724